MARC

Tag First Indicator Second Indicator Subfields
LEADER 00000cam a22000001a 4500
001 in00003770708
005 20190409170634.0
006 m o d f
007 cr bn mmmapmmp
008 040322s1927 dcu o f000 0 eng d
035 |a ebd1910704461 
040 |a UMI  |c UMI  |d UtOrBLW 
086 0 |a PB 1.2:L 63 
099 |a PB1.2-1 
245 0 0 |a Lincoln Memorial, Washington. 
264 1 |a Washington :  |b U.S. GPO,  |c 1927. 
300 |a 1 online resource (vi+94 pages) 
336 |a text  |b txt  |2 rdacontent 
337 |a computer  |b c  |2 rdamedia 
338 |a online resource  |b cr  |2 rdacarrier 
500 |a [on monument planning, location, and design, and life of Abraham Lincoln; with text of dedication proceedings and related legislation; and chronology of construction work]. 
500 |a Record is based on bibliographic data in ProQuest U.S. Executive Branch Documents, 1910-1932. Reuse except for individual research requires license from ProQuest, LLC. 
533 |a Electronic reproduction.  |b [Bethesda, Md.] :  |c ProQuest,  |d 2012.  |e digital, PDF file.  |n ProQuest U.S. Executive Branch Documents, 1910-1932.  |n Mode of access: World Wide Web via ProQuest website. 
538 |a System requirements: PDF reader software. 
500 |a Electronic resource. 
610 1 0 |a United States.  |b Office of Public Buildings and Public Parks of the National Capital.  |0 http://id.loc.gov/authorities/names/n79007486 
650 0 |a Architecture.  |0 http://id.loc.gov/authorities/subjects/sh85006611 
650 0 |a National monuments.  |0 http://id.loc.gov/authorities/subjects/sh85090025 
650 0 |a Speeches, addresses, etc.  |0 http://id.loc.gov/authorities/subjects/sh85126460 
655 7 |a Electronic books.  |2 local 
700 1 |a Lincoln, Abraham,  |d 1744-1786.  |0 http://id.loc.gov/authorities/names/n98081239 
710 1 |a United States.  |b Office of Public Buildings and Public Parks of the National Capital.  |0 http://id.loc.gov/authorities/names/n79007486 
776 1 8 |i Microfiche version:  |t Lincoln Memorial, Washington  |o CIS US Exec MF PB1.2-1  |w (ProQuest)cis19172660 
856 4 0 |u http://proxy.library.tamu.edu/login?url=http://congressional.proquest.com/congressional/docview/t66.d71.pb1.2-1  |z Connect to the full text of this electronic document  |t 0 
999 f f |s 9bc412c5-fe1d-38bb-bc8c-a55170718be0  |i cb2611f0-cbb2-3b8b-869c-2ecf2c2281c1  |t 0 
952 f f |a Texas A&M University  |b College Station  |c Electronic Resources  |d Available Online  |t 0  |h No information provided 
998 f f |t 0  |l Available Online